000 00296nam a22001337a 4500
008 170622b xxu||||| |||| 00| 0 eng d
020 _a0139361799
041 _aeng
080 _22ND
_a32
100 _a20
101 _aSHP
245 _aUNDERSTANDING PUBLIC POLICY
_cDYE,TH.R
942 _2udc
_cBK
999 _c18644
_d18644